000
00335nam a2200145Ia 4500
008
230718s9999 xx 000 0 und d
041
_a
Eng.
082
_a
910.202
_b
JED-G
100
_a
Jedny, Golgen
245
0
_a
Guide to washing bos
260
_a
Pakistan
_b
Personal Banking
_c
1997
300
_a
408
650
_a
Law
999
_c
26074
_d
26074